Statystyki dla Kraje, które uczestniczyły w II wojnie światowej

Kliknij tutaj aby rozwiązać quiz!

Ogólne statystyki

  • Ten quiz został rozwiązany 72 razy
  • Średni wynik to 57 z 92

Statystyki odpowiedzi

PrzynależnośćPaństwo% Poprawnych
Państwa OsiIII Rzesza
98%
AlianciKrólestwo Włoch
98%
Państwa Osi (do 1943)Królestwo Włoch
98%
Państwa OsiCesarstwo Japonii
97%
AlianciStany Zjednoczone Ameryki
97%
AlianciZwiązek Socjalistycznych Republik Radzieckich
97%
AlianciII Rzeczpospolita
95%
AlianciKrólestwo Norwegii
95%
Alianci (1945)Republika Finlandii
95%
Państwa Osi (do 1945)Republika Finlandii
95%
AlianciIII Republika Francuska
93%
AlianciZjednoczone Królestwo
93%
AlianciKanada
90%
Alianci (1945)Królestwo Węgier
90%
Państwa Osi (do 1945)Królestwo Węgier
90%
Państwa OsiPaństwo słowackie
90%
AlianciKrólestwo Niderlandów
89%
AlianciRepublika Chińska
89%
Państwa OsiRepublika Chińska
89%
AlianciKrólestwo Belgii
87%
AlianciZwiązek Australijski
85%
AlianciBrazylia
84%
Alianci (zależne)Indie Brytyjskie
84%
AlianciKrólestwo Danii
84%
AlianciKrólestwo Grecji
82%
Alianci (po 1944)Królestwo Rumunii
82%
Państwa Osi (do 1944)Królestwo Rumunii
82%
Państwa OsiPaństwo Greckie
82%
Państwa Osi (do 1944)Carstwo Bułgarii
80%
Alianci (po 1944)Carstwo Bułgarii
80%
Państwa Osi (1941)Królestwo Jugosławii
80%
AlianciKrólestwo Jugosławii
80%
AlianciMeksyk
80%
AlianciKrólestwo Egiptu
79%
AlianciArgentyna
75%
AlianciNowa Zelandia
75%
AlianciIran
74%
AlianciRepublika Turcji
74%
Państwa Osi (1941)Irak
72%
AlianciIrak
72%
AlianciWielkie Księstwo Luksemburga
70%
AlianciCzechosłowacja
67%
Alianci (zależne)Holenderskie Indie Wschodnie
67%
Alianci (po 1944)Albania
66%
Państwa OsiKrólestwo Albanii
66%
AlianciPeru
66%
Państwa OsiSyjam
66%
AlianciChile
64%
AlianciUrugwaj
64%
AlianciKuba
62%
AlianciBoliwia
61%
AlianciKolumbia
61%
AlianciWenezuela
61%
Państwa OsiCesarstwo Wietnamu
59%
Alianci (zależne)Islandia
59%
AlianciMongolska Republika Ludowa
59%
AlianciParagwaj
59%
AlianciEkwador
57%
AlianciKrólestwo Arabii Saudyjskiej
57%
Państwa OsiDruga Republika Filipin
54%
Alianci (zależne)Filipiny
54%
Państwa OsiNiepodległe Państwo Chorwackie
54%
AlianciEtiopia
51%
AlianciPanama
51%
Państwa OsiSerbia
48%
Państwa OsiKrólestwo Kambodży
46%
Państwo OsiKrólestwo Luang Phrabang
46%
Alianci (zależne)Republika Syrii
46%
AlianciKostaryka
44%
AlianciHaiti
43%
AlianciHonduras
43%
AlianciNepal
41%
Państwa OsiBirma
39%
AlianciSalwador
39%
AlianciGwatemala
38%
Państwa OsiNiezależne Państwo Czarnogórskie
36%
Alianci (zależne)Kongo Belgijskie
34%
AlianciDominikana
33%
AlianciNikaragua
33%
AlianciLiberia
28%
Państwa OsiMandżukuo
26%
Alianci (zależne)Republika Libańska
26%
Państwa OsiFrancja Vichy
23%
AlianciSan Marino
21%
AlianciTuwińska Republika Ludowa
16%
AlianciZwiązek Południowej Afryki
13%
Alianci (zależne)Grenlandia
10%
AlianciNowa Fundlandia
8%
Państwa OsiMengjiang
7%
Państwa OsiWłoska Republika Socjalna
7%
Alianci (zależne)Guam
5%
Alianci (zależne)Bahawalpur
0%

Rozkład punktacji

Percentyl według liczby udzielonych odpowiedzi

Procent ludzi z każdym wynikiem

Twoja historia wyników

Nie rozwiązałeś tego quizu